000 01056cam a2200229 4500
001 ABS61811
008 000000n1999 000 0 eng u
035 _a(Sirsi) u103802
100 _aMorgan, J.
245 _aExclusive possession and the tenancy by estoppel: "a familiar problem in an unusual setting"
260 _c1999
490 _aThe Conveyancer
_v(63) November/December 1999, 493-509(9)
520 _aDiscusses the issues that can arise when a local authority grants a housing association a licence rather than a lease to use its land. Considers the consequences of such a grant for the occupant with particular emphasis on security of tenure, using the decision in "Bruton v London and Quadrant Housing Trust" as an illustration.
590 _aABS
650 _aHOUSING ASSOCIATIONS
650 _aSECURITY OF TENURE
650 _aBRUTON V LONDON AND QUADRANT HOUSING TRUST
650 _aLICENCES
650 _aESTOPPEL
690 _aPROPERTY-RESIDENTIAL PROPERTY-RESIDENTIAL LANDLORD AND TENANT-RESIDENTIAL TENANCIES
942 _n0
999 _c62333
_d62333